Lying from You - Linkin Park (Lyrics) - Statistics

General Stats
  • This quiz has been taken 61 times
  • The average score is 33 of 45
Answer Stats
Lyrics % Correct
'Cause I'm ({lying} my way from)
93%
So I'm ({lying} my way from)
93%
I can't {pretend} I'm who you want me to be
88%
The very {worst} part of you is
88%
The very {worst} part of you is
88%
When I {pretend} everything is what I want it to be
88%
And I'm (trying to {bend} the {truth})
86%
I'm just (trying to {bend} the {truth})
86%
Let me take back my {life}, I'd rather be all {alone}
86%
Let me take back my {life}, I'd rather be all {alone}
86%
Let me take back my {life}, I'd rather be all {alone}
86%
The very {worst} part of you is {me}
86%
The very {worst} part of you is {me}
86%
The very {worst} part of you is {me}
86%
I want to be {pushed} aside, so let me go
84%
I want to be {pushed} aside, so let me go
84%
I want to be {pushed} aside, so let me go
84%
(No, no {turning} back now)
84%
(No, no {turning} back now)
84%
(No, no {turning} back now)
84%
(No, no {turning} back now)
84%
(No, no {turning} back now)
84%
(No, no {turning} back now)
84%
(No, no {turning} back now)
84%
(No, no {turning} back now)
84%
(No, no {turning} back now)
84%
I look {exactly} like what you had always wanted to see
79%
{You} (no, no {turning} back now)
74%
{You} (no, no {turning} back now)
74%
{You} (no, no {turning} back now)
74%
But I can't pretend this is the way it'll {stay}
70%
I remember what they {taught} to me
63%
{Stealing} second after second just 'cause I know I can
63%
And now you think this {person} really is me
60%
This isn't what I {wanted} to be
60%
When I pretend, I can {forget} about the {criminal} I am
60%
{Anywhere} on my own 'cause I can {see}
53%
{Anywhere} on my own 'cause I can {see}
53%
{Anywhere} on my own 'cause I can {see}
53%
{Like this} (x4)
51%
Remember {condescending} talk of who I ought to be
51%
But the more I {push}, the more I'm {pulling} away
49%
I never thought that what I {said} would have you {running} from me (x4)
49%
Remember {listening} to all of that and this again
47%
So I {pretended} up a person who was {fitting} in
28%
No matching quizzes found
Score Distribution
Percent of People with Each Score
Percentile by Number Answered
Your Score History
You have not taken this quiz